Normal view
MARC view
Entry Topical Term
001 - CONTROL NUMBER
- control field: 3766
003 - CONTROL NUMBER IDENTIFIER
- control field: OSt
005 - DATE AND TIME OF LATEST TRANSACTION
- control field: 20190326113946.0
008 - FIXED-LENGTH DATA ELEMENTS
- fixed length control field: 190326|| aca||aabn | a|a d
040 ## - CATALOGING SOURCE
- Original cataloging agency: OSt
- Transcribing agency: OSt
150 ## - HEADING--TOPICAL TERM
- Topical term or geographic name entry element: Finance, Public - Auditing - India - Arunachal Pradesh
670 ## - SOURCE DATA FOUND
- Source citation: Work cat.: (OSt): Arunachal Pradesh. Comptroller and Auditor General of India 3765, Finance accounts, Arunachal Pradesh, 1992-93, 1992
